000 00560nam a2200193Ia 4500
005 20250423094543.0
008 250422s9999 xx 000 0 und d
020 _a9789789530373
050 _aHT 391 .G46/
100 _aGeorge, Kehinde C.
245 0 _aBasic principles and methods of urban and regional planning
250 _a4th ed.
260 _aLagos, Nigeria
260 _bLibro-Gem books
260 _c2015
300 _a200 p
650 _aRegional planning. City planning. Regional planning--Nigeria. City planning--Nigeria.
942 _cBK
999 _c27586
_d27586